书目信息 |
| 题名: |
战火中的大学
|
|
| 作者: | 成仿吾 著 | |
| 分册: | ||
| 出版信息: | 北京 人民教育出版社 1982 |
|
| 页数: | 170页 | |
| 开本: | 21cm | |
| 丛书名: | ||
| 单 册: | ||
| 中图分类: | G649.281 | |
| 科图分类: | ||
| 主题词: | 校史-中国人民大学 | |
| 电子资源: | ||
| ISBN: | ||
| 000 | 00678nam0 2200241 45 | |
| 001 | 0182001833 | |
| 005 | 20060803144455.62 | |
| 010 | @dCNY0.65 | |
| 091 | @aCN@b7012.0475 | |
| 100 | @a19950420d1982 em y0chiy0121 ea | |
| 101 | 0 | @achi |
| 102 | @aCN@b110000 | |
| 105 | @af z 000yd | |
| 200 | 10 | @a战火中的大学@Azhan huo zhong de da xue@e从陕北公学到人民大学的回顾@f成仿吾著 |
| 210 | @a北京@c人民教育出版社@d1982 | |
| 215 | @a170页@c照片@d21cm | |
| 601 | 02 | @a中国人民大学@x校史 |
| 606 | @a校史-中国人民大学 | |
| 690 | @aG649.281@v3 | |
| 701 | 0 | @a成仿吾@Acheng fang wu@4著 |
| 801 | 0 | @aCN@bTSSF@c20060803 |
| 801 | 2 | @aCN@bNLC@c20060803 |
| 905 | @a10447@dG649.281@e199 | |
| 战火中的大学:从陕北公学到人民大学的回顾/成仿吾著.-北京:人民教育出版社,1982 |
| 170页:照片;21cm |
| ISBN :CNY0.65 |
| ● |
| 相关链接 |
|
|
|
|
正题名:战火中的大学
索取号:G649.281/199
 
预约/预借
| 序号 | 登录号 | 条形码 | 馆藏地/架位号 | 状态 | 备注 |
| 1 | 0069187 | 000290232 | 第一样本阅览室/ [索取号:G649.281/199] | 在馆 | |
| 2 | 0440688 | 204406883 | 密集书库/ [索取号:G649.281/199] | 在馆 | |
| 3 | 0440822 | 204408220 | 密集书库/ [索取号:G649.281/199] | 在馆 | |
| 4 | 0442166 | 204421660 | 密集书库/ [索取号:G649.281/199] | 在馆 | |
| 5 | 0446593 | 204465934 | 密集书库/ [索取号:G649.281/199] | 在馆 | |
| 6 | 0446594 | 204465943 | 密集书库/ [索取号:G649.281/199] | 在馆 | |
| 7 | 0446736 | 204467362 | 密集书库/ [索取号:G649.281/199] | 在馆 |